Fate of liberated viral RNA in wastewater determined by PCR /
Enregistré dans:
| Auteur principal: | |
|---|---|
| Autres auteurs: | |
| Format: | Article |
| Langue: | English |
| Sujets: | |
| Tags: |
Ajouter un tag
Pas de tags, Soyez le premier à ajouter un tag!
|
| Thư viện lưu trữ: | Thư viện Trường Đại học Đà Lạt |
|---|
| LEADER | 00911nam a2200325 4500 | ||
|---|---|---|---|
| 001 | DLU090096169 | ||
| 005 | ##20091201 | ||
| 040 | # | # | |a DLU |b eng |
| 041 | # | # | |a eng |
| 044 | # | # | |a us |
| 100 | # | # | |a Limsawat, S. |
| 245 | # | # | |a Fate of liberated viral RNA in wastewater determined by PCR / |c S. Limsawat, S. Ohgaki. |
| 653 | # | # | |a Bacteria |
| 653 | # | # | |a Detection |
| 653 | # | # | |a Domestic waste water |
| 653 | # | # | |a Escherichia coli |
| 653 | # | # | |a Public health |
| 653 | # | # | |a RNA |
| 653 | # | # | |a Virus |
| 700 | # | # | |a Ohgaki, S. |
| 773 | # | # | |t Applied and Environmental Microbiology |g Vol. 63, no. 7 (April 1997), p. 2932-2933 |
| 920 | # | # | |a Phòng Tạp chí -- Trung tâm Thông tin - Thư viện Trường Đại học Đà Lạt |
| 994 | # | # | |a DLU |
| 900 | # | # | |a True |
| 911 | # | # | |a Trương Bảo Trâm Anh |
| 925 | # | # | |a G |
| 926 | # | # | |a A |
| 927 | # | # | |a BB |
| 980 | # | # | |a Thư viện Trường Đại học Đà Lạt |